[Event "European Blitz 2022"]
[Site "Katowice POL"]
[Date "2022.12.16"]
[Round "19.62"]
[White "Dragicevic, Drazen"]
[Black "Vardanyan, Aras"]
[Result "0-1"]
[WhiteTitle "FM"]
[BlackTitle "CM"]
[WhiteElo "2345"]
[BlackElo "2271"]
[WhiteFideId "1707922"]
[BlackFideId "12808792"]
[EventDate "2022.12.16"]

1. Nf3 d5 2. g3 Nf6 3. Bg2 e6 4. O-O Be7 5. c4 d4 6. e3 Nc6 7. exd4 Nxd4 8. Nxd4
Qxd4 9. d3 O-O 10. Qb3 Rd8 11. Nc3 Qxd3 12. Rd1 Qf5 13. Rxd8+ Bxd8 14. Bf4 c6
15. Rd1 Be7 16. Ne2 e5 17. Bd2 Rb8 18. Be3 b6 19. h3 Be6 20. Qa4 a5 21. Qxc6 Qc2
22. Rd2 Qxc4 23. Qxc4 Bxc4 24. b3 Be6 25. Nc3 Rd8 26. Rc2 Bf5 27. Rc1 Ba3 28.
Rd1 Rxd1+ 29. Nxd1 b5 30. Nc3 b4 31. Nb5 Bb1 32. Bb6 Bxa2 33. Bxa5 Bxb3 34. Bc7
Bb2 35. Bd6 Bc4 36. Bf1 Bxb5 37. Bxb5 Nd5 38. Bc4 Nb6 39. Bb3 Bc3 40. Kf1 g6 41.
Ke2 Kg7 42. Kd3 f5 43. Bc7 e4+ 44. Kc2 Nd7 45. Bd5 Be5 46. Ba5 Bd6 47. Kb3 Nc5+
48. Kc4 Nd3 49. Bb6 Kf6 50. Bd4+ Be5 51. Bb6 Bc3 52. Bd8+ Kg7 53. Bb6 h5 54. g4
hxg4 55. hxg4 Ne5+ 56. Kb3 Nxg4 57. f3 exf3 58. Bxf3 Ne5 59. Be2 g5 60. Bc5 g4
61. Bd6 Kf6 62. Bc7 g3 63. Bd8+ Kg6 64. Bc7 f4 65. Bd6 0-1

[Event "European Blitz 2022"]
[Site "Katowice POL"]
[Date "2022.12.16"]
[Round "19.63"]
[White "Drazic, Sinisa"]
[Black "Karpus, Michal"]
[Result "0-1"]
[WhiteTitle "GM"]
[BlackTitle "FM"]
[WhiteElo "2372"]
[BlackElo "2212"]
[WhiteFideId "901172"]
[BlackFideId "1174088"]
[EventDate "2022.12.16"]

1. b4 e5 2. Bb2 Bxb4 3. Bxe5 Nf6 4. Nf3 O-O 5. e3 d5 6. c4 c5 7. Qc2 Nc6 8. Bb2
d4 9. a3 Ba5 10. Be2 Bc7 11. O-O Qd6 12. Re1 Bg4 13. Qd3 Bxf3 14. Bxf3 Qxh2+ 15.
Kf1 Ne5 16. Qf5 Qh1+ 17. Ke2 Qh4 18. g3 Qh6 19. Rh1 Qg6 20. Qxg6 fxg6 21. exd4
Nxc4 22. Bc3 cxd4 23. Bxd4 Rae8+ 24. Be3 b6 25. Nc3 Ne5 26. Bg2 Nfg4 27. Nd5 Bd6
28. Nf4 g5 29. Bd5+ Kh8 30. Ne6 Rf6 31. Nxg5 h6 32. Ne4 Rg6 33. Rac1 Nxe3 34.
dxe3 Bxa3 35. Ra1 Bb4 36. Rxa7 Rd8 37. Rd1 Ng4 38. Rf7 Nf6 39. Nxf6 Rxf6 40.
Rxf6 gxf6 41. e4 Bc5 42. Ra1 f5 43. Ra7 fxe4 44. Bxe4 Kg8 45. f4 Rd6 46. Rb7 Kf8
47. Kf3 Bd4 48. Kg4 Kg8 49. Kh5 Bf2 50. g4 Be3 51. f5 Bg5 52. Bc2 Kf8 53. Bb3
Ke8 54. Be6 Kd8 55. Kg6 Bf4 56. Kf7 Bg5 57. Ra7 Rd2 58. Kg6 b5 59. Rb7 Rb2 60.
f6 b4 61. f7 Rf2 62. Bf5 Be7 63. Rxe7 Kxe7 64. Kg7 0-1

[Event "European Blitz 2022"]
[Site "Katowice POL"]
[Date "2022.12.16"]
[Round "19.64"]
[White "Orzech, Dominik"]
[Black "Bazakutsa, Svyatoslav"]
[Result "1-0"]
[WhiteTitle "IM"]
[WhiteElo "2313"]
[BlackElo "2318"]
[WhiteFideId "1115065"]
[BlackFideId "14198525"]
[EventDate "2022.12.16"]

1. Nf3 Nf6 2. c4 g6 3. d4 Bg7 4. Nc3 O-O 5. Bg5 d6 6. e3 h6 7. Bh4 g5 8. Bg3 Nh5
9. Be2 c5 10. dxc5 Nxg3 11. hxg3 dxc5 12. Qc2 Nc6 13. Nxg5 f5 14. Nf3 Nb4 15.
Qb3 Be6 16. Rd1 Qa5 17. a3 Nc6 18. O-O Rab8 19. Nd5 a6 20. Nf4 Bf7 21. Qc2 e6
22. Rd7 b5 23. cxb5 axb5 24. Qxc5 Rfc8 25. Qd6 Bf8 26. Qd3 Qb6 27. Rd1 Bg7 28.
Rd2 b4 29. g4 bxa3 30. bxa3 fxg4 31. Ne1 Ne5 32. Qe4 Nxd7 33. Rxd7 Qc6 34. Rd8+
Rxd8 35. Qxc6 Rb1 36. Kf1 h5 37. Nxe6 Rdb8 38. Nxg7 Kxg7 39. Qc3+ Kg8 40. Bd3
Rd1 41. Ke2 Bb3 42. Bc4+ Kf8 43. Bxb3 Rd6 44. Qh8+ 1-0

[Event "European Blitz 2022"]
[Site "Katowice POL"]
[Date "2022.12.16"]
[Round "19.65"]
[White "Maslanka, Wojciech"]
[Black "Walter, Szymon"]
[Result "0-1"]
[BlackTitle "FM"]
[WhiteElo "2103"]
[BlackElo "2327"]
[WhiteFideId "21846960"]
[BlackFideId "1172590"]
[EventDate "2022.12.16"]

1. e4 c5 2. d4 cxd4 3. c3 Nf6 4. e5 Nd5 5. Nf3 e6 6. cxd4 d6 7. Nc3 Nxc3 8. bxc3
Nc6 9. Bf4 dxe5 10. Nxe5 Bd6 11. Qg4 O-O 12. Nxc6 bxc6 13. Bxd6 Qxd6 14. Bd3 g6
15. O-O e5 16. Qg3 Re8 17. Rfe1 Qa3 18. Rxe5 Rxe5 19. Qxe5 Qxc3 20. Qe8+ Kg7 21.
Qe5+ Kh6 22. Qe3+ Kg7 23. Qe5+ Kg8 24. Qe8+ Kg7 25. Qe5+ Kg8 26. Qe8+ Kg7 27.
Qe5+ Kf8 28. Qh8+ Ke7 29. Rd1 Bg4 30. Qe5+ Be6 31. Be4 Rd8 32. d5 Qxe5 0-1

[Event "European Blitz 2022"]
[Site "Katowice POL"]
[Date "2022.12.16"]
[Round "19.66"]
[White "Baum, Jonasz"]
[Black "Vidruska, Renate"]
[Result "1-0"]
[WhiteTitle "IM"]
[BlackTitle "WFM"]
[WhiteElo "2420"]
[BlackElo "1991"]
[WhiteFideId "1195360"]
[BlackFideId "11601841"]
[EventDate "2022.12.16"]

1. e4 e5 2. Nc3 Nf6 3. Bc4 Nc6 4. d3 Bc5 5. Nge2 d6 6. O-O a6 7. Be3 Bxe3 8.
fxe3 Na5 9. Bb3 Nxb3 10. axb3 O-O 11. Ng3 d5 12. Nh5 Nxh5 13. Qxh5 dxe4 14. Nxe4
f5 15. Ng5 h6 16. Nf3 Qf6 17. Ra5 e4 18. Nd4 b6 19. Raa1 exd3 20. cxd3 c5 21.
Nf3 Qe7 22. Rae1 Bb7 23. Qg6 Rf6 24. Qg3 Rd8 25. d4 cxd4 26. exd4 Qf7 27. Ne5
Qd5 28. Rd1 Re8 29. Rfe1 Rfe6 30. h3 f4 31. Qf2 Qxb3 32. Qxf4 Rf8 33. Qg4 Re7
34. Rf1 Rxf1+ 35. Rxf1 Qxb2 36. Ng6 Re2 37. Rf8+ Kh7 38. Rh8# 1-0

[Event "European Blitz 2022"]
[Site "Katowice POL"]
[Date "2022.12.16"]
[Round "19.67"]
[White "Gretarsson, Helgi Ass"]
[Black "Redzisz, Michal"]
[Result "1-0"]
[WhiteTitle "GM"]
[BlackTitle "FM"]
[WhiteElo "2451"]
[BlackElo "2260"]
[WhiteFideId "2300699"]
[BlackFideId "21816107"]
[EventDate "2022.12.16"]

1. d4 Nf6 2. c4 e6 3. Nc3 Bb4 4. Qc2 O-O 5. e4 d5 6. e5 Ne4 7. Bd3 c5 8. Ne2
cxd4 9. Nxd4 dxc4 10. Bxe4 Qxd4 11. Bf4 Nc6 12. Rd1 Qc5 13. O-O Nxe5 14. Bxh7+
Kh8 15. Rfe1 Nc6 16. Bd6 Qg5 17. Bxf8 Bxf8 18. Be4 Bc5 19. Bxc6 bxc6 20. Ne4 Qf5
21. Qxc4 Bb6 22. Qxc6 Rb8 23. Qd6 Ra8 24. Qg3 Bb7 25. Nd6 1-0

[Event "European Blitz 2022"]
[Site "Katowice POL"]
[Date "2022.12.16"]
[Round "19.68"]
[White "Jaskolka, Tomasz"]
[Black "De Filomeno, Simone"]
[Result "1-0"]
[WhiteTitle "CM"]
[BlackTitle "IM"]
[WhiteElo "2188"]
[BlackElo "2450"]
[WhiteFideId "1170791"]
[BlackFideId "828688"]
[EventDate "2022.12.16"]

1. d4 d5 2. c4 e6 3. Nf3 a6 4. g3 dxc4 5. Bg2 b5 6. Ne5 c6 7. Nxc6 Qb6 8. Nxb8
Rxb8 9. Bf4 Bd6 10. Bxd6 Qxd6 11. Nc3 Nf6 12. O-O O-O 13. e3 Bb7 14. Bxb7 Rxb7
15. Qf3 Rc7 16. a3 Rb8 17. Qf4 Qxf4 18. gxf4 Kf8 19. Rfd1 a5 20. a4 b4 21. Nb5
Rc6 22. Rdc1 Ne4 23. Rc2 Ke7 24. Rac1 c3 25. bxc3 b3 26. Rb2 Rc4 27. Rxb3 Rxa4
28. c4 Nd2 29. Rbc3 Nxc4 30. Na7 Rb7 31. Nc6+ Kd6 32. Rxc4 Rxc4 33. Rxc4 Rb6 1-0

[Event "European Blitz 2022"]
[Site "Katowice POL"]
[Date "2022.12.16"]
[Round "19.69"]
[White "Minald, Andrey"]
[Black "Cramling, Pia"]
[Result "1-0"]
[BlackTitle "GM"]
[WhiteElo "2091"]
[BlackElo "2463"]
[WhiteFideId "13506854"]
[BlackFideId "1700030"]
[EventDate "2022.12.16"]

1. c4 c5 2. Nf3 Nf6 3. Nc3 Nc6 4. d4 cxd4 5. Nxd4 e6 6. Bg5 Bc5 7. Nxc6 bxc6 8.
e3 h6 9. Bh4 O-O 10. Be2 d5 11. O-O Be7 12. Qc2 Rb8 13. b3 Qa5 14. Rac1 Bd7 15.
Rfd1 Rfc8 16. e4 Qd8 17. Qd3 Be8 18. exd5 cxd5 19. cxd5 Nxd5 20. Bxe7 Nxe7 21.
Qa6 Qb6 22. Ne4 Rxc1 23. Rxc1 Qxa6 24. Bxa6 Nd5 25. Nd6 Bd7 26. Kf1 Kf8 27. Ne4
Ke7 28. Bc4 Rc8 29. g3 Nb6 30. Nd2 Bb5 31. Ke2 Nxc4 32. Nxc4 Rc5 33. Kd3 g5 34.
Kc3 Rf5 35. Rc2 Rd5 36. a4 Bd7 37. Ne3 Re5 38. Kd4 Ra5 39. Rc7 Kd8 40. Rb7 Kc8
41. Rb4 e5+ 42. Ke4 Be6 43. f3 h5 44. g4 hxg4 45. fxg4 Rc5 46. Rb5 Rc1 47. Rxe5
Bxb3 48. a5 f6 49. Re8+ Kb7 50. Rf8 Ra1 1-0

[Event "European Blitz 2022"]
[Site "Katowice POL"]
[Date "2022.12.16"]
[Round "19.70"]
[White "Diermair, Andreas"]
[Black "Urh, Zala"]
[Result "1-0"]
[WhiteTitle "GM"]
[BlackTitle "WIM"]
[WhiteElo "2446"]
[BlackElo "2282"]
[WhiteFideId "1612468"]
[BlackFideId "14611481"]
[EventDate "2022.12.16"]

1. e4 c5 2. Nc3 Nc6 3. Bb5 Nd4 4. Nf3 Nxb5 5. Nxb5 a6 6. Nc3 e6 7. O-O Nf6 8. d4
cxd4 9. Qxd4 d6 10. Rd1 Be7 11. Bg5 O-O 12. Rd2 Qa5 13. Rad1 b5 14. a3 Bb7 15.
Qe3 Rac8 16. Bf4 e5 17. Bg5 b4 18. axb4 Qxb4 19. Bxf6 Bxf6 20. Rxd6 Qxb2 21. Ne2
Qxc2 22. Ng3 a5 23. h4 a4 24. R1d2 Qc1+ 25. Kh2 a3 26. Rxf6 gxf6 27. Nf5 Kh8 28.
Qh6 1-0

[Event "European Blitz 2022"]
[Site "Katowice POL"]
[Date "2022.12.16"]
[Round "19.71"]
[White "Kirk, Ezra"]
[Black "Kos, Pawel"]
[Result "1-0"]
[WhiteTitle "IM"]
[WhiteElo "2432"]
[BlackElo "2234"]
[WhiteFideId "600067"]
[BlackFideId "1120085"]
[EventDate "2022.12.16"]

1. d4 Nf6 2. Nf3 g6 3. Nc3 d6 4. e4 Bg7 5. h3 Nfd7 6. Be3 c6 7. Qd2 h5 8. O-O-O
b5 9. Be2 a5 10. g4 h4 11. e5 Nb6 12. Bg5 b4 13. Ne4 d5 14. Nd6+ Kf8 15. Qf4 Be6
16. Nxf7 Bxf7 17. e6 Qe8 18. Ne5 Bxe5 19. Qxe5 Rh7 20. Bd3 N8d7 21. exd7 Qxd7
22. Rde1 Nc8 23. f4 a4 24. f5 gxf5 25. Bxf5 Qd6 26. Qxd6 Nxd6 27. Bxh7 Nc4 28.
Bxe7+ Kg7 29. Bd3 b3 30. cxb3 axb3 31. a3 Bg6 32. Bxg6 Kxg6 33. Bb4 Rc8 34. Rhf1
c5 35. Bxc5 Na5 36. Re6+ Kg7 37. Re7+ Kg6 38. Ref7 Nc6 39. R1f6+ Kg5 40. Kd2 Nd8
41. Rf5+ Kg6 42. R7f6+ Kg7 43. Be7 Nc6 44. Rg5+ Kh7 45. Bf8 Nxd4 46. Rh6# 1-0

[Event "European Blitz 2022"]
[Site "Katowice POL"]
[Date "2022.12.16"]
[Round "19.72"]
[White "Mrvova, Alena"]
[Black "Barski, Radoslaw"]
[Result "0-1"]
[WhiteTitle "WIM"]
[BlackTitle "IM"]
[WhiteElo "2135"]
[BlackElo "2441"]
[WhiteFideId "14902036"]
[BlackFideId "1131710"]
[EventDate "2022.12.16"]

1. Nf3 d5 2. g3 Bf5 3. Bg2 h6 4. O-O e6 5. d3 Nf6 6. Nbd2 Be7 7. Re1 O-O 8. c3
Bh7 9. Qb3 b6 10. e4 c5 11. e5 Nfd7 12. d4 Nc6 13. Qd1 cxd4 14. cxd4 Nb4 15. Nf1
Nc2 16. Bd2 Nxa1 17. Qxa1 b5 18. Qd1 b4 19. h4 Qc7 20. Ne3 Qb6 21. Qe2 Rac8 22.
g4 Be4 23. g5 hxg5 24. Nxg5 Bxg5 25. Bxe4 Bxe3 26. Qxe3 dxe4 27. Qxe4 f5 28.
exf6 Nxf6 29. Qxe6+ Qxe6 30. Rxe6 Rfd8 31. Bxb4 Rxd4 32. Bc3 Rxh4 33. Re7 Rd8
34. Rxa7 Rg4+ 35. Kf1 Rg6 36. a4 Ne4 37. Be5 Rg5 38. f4 Rg3 39. a5 Rd1+ 40. Ke2
Rd2+ 41. Kf1 Rf2+ 0-1

[Event "European Blitz 2022"]
[Site "Katowice POL"]
[Date "2022.12.16"]
[Round "19.73"]
[White "Piesik, Piotr"]
[Black "Quilter, Thomas A"]
[Result "1/2-1/2"]
[WhiteTitle "IM"]
[BlackTitle "CM"]
[WhiteElo "2420"]
[BlackElo "2162"]
[WhiteFideId "1136194"]
[BlackFideId "408530"]
[EventDate "2022.12.16"]

1. Nf3 Nf6 2. g3 d6 3. d4 Nc6 4. Bg2 e5 5. dxe5 Nxe5 6. Nxe5 dxe5 7. Nd2 c6 8.
O-O Bd6 9. e4 O-O 10. Nc4 Bc7 11. Qe2 Bg4 12. f3 Be6 13. Be3 Qe7 14. Rfd1 Rfd8
15. Bf1 h6 16. Qf2 b6 17. a4 Rxd1 18. Rxd1 Rd8 19. Rxd8+ Qxd8 20. Nd2 Nd7 21.
Bc4 Qe8 22. Qe2 Bd6 23. Nb3 Kh7 24. Kg2 Qe7 25. Bxe6 Qxe6 26. Qa6 f5 27. exf5
Qxf5 28. Qc4 Nf6 29. Qxc6 Bc5 30. Nxc5 Qxc2+ 31. Bf2 bxc5 32. Qxc5 Qxb2 33. Qxa7
e4 34. Qd4 exf3+ 35. Kxf3 Qb7+ 36. Ke2 Qa6+ 37. Ke1 Kh8 38. Be3 Qc6 39. Qd8+ Kh7
40. Qd3+ Kh8 41. Qd8+ Kh7 42. Qd3+ Kh8 43. Qb3 Qh1+ 44. Ke2 Qxh2+ 45. Bf2 Qg2
46. a5 Qe4+ 47. Qe3 Qc4+ 48. Qd3 Qa2+ 49. Qd2 Qc4+ 50. Ke1 Ne4 51. Qb2 Qa4 52.
Bb6 Qc4 53. Qe2 Qc3+ 54. Kd1 Qb3+ 55. Qc2 Qf3+ 56. Kc1 Nxg3 57. Qc8+ Kh7 58.
Qc2+ Kh8 59. Qc8+ Kh7 60. Qc2+ Kh8 61. Qc8+ 1/2-1/2

[Event "European Blitz 2022"]
[Site "Katowice POL"]
[Date "2022.12.16"]
[Round "19.74"]
[White "Baliasnyj, Timur"]
[Black "Mitusov, Semen"]
[Result "0-1"]
[BlackTitle "IM"]
[WhiteElo "2197"]
[BlackElo "2397"]
[WhiteFideId "12802719"]
[BlackFideId "14151049"]
[EventDate "2022.12.16"]

1. Nf3 d5 2. c4 e6 3. g3 Nf6 4. Bg2 Be7 5. O-O d4 6. e3 c5 7. exd4 cxd4 8. d3
O-O 9. Re1 Nc6 10. Bf4 Re8 11. Ne5 Nxe5 12. Bxe5 Bc5 13. Bxf6 Qxf6 14. Nd2 Qd8
15. Rb1 a5 16. Re5 Bd6 17. Rb5 Ra7 18. Ne4 Bf8 19. Qh5 g6 20. Qf3 Bg7 21. h4 b6
22. Re1 e5 23. Rd5 Rd7 24. Rxd7 Bxd7 25. Nd6 Rf8 26. h5 Be6 27. Ne4 f5 28. Nd2
Qg5 29. Qe2 f4 30. Nf3 Qxh5 31. Nxe5 Qxe2 32. Rxe2 fxg3 33. fxg3 Bf5 34. Bd5+
Kh8 35. Nf7+ Rxf7 36. Bxf7 h5 37. Re8+ Kh7 38. Rb8 Bxd3 39. Rxb6 Bf5 40. c5 d3
41. c6 Bd4+ 0-1

[Event "European Blitz 2022"]
[Site "Katowice POL"]
[Date "2022.12.16"]
[Round "19.75"]
[White "Stremavicius, Pijus"]
[Black "Martynkova, Olena"]
[Result "1-0"]
[WhiteTitle "FM"]
[BlackTitle "WIM"]
[WhiteElo "2369"]
[BlackElo "2227"]
[WhiteFideId "12812730"]
[BlackFideId "14134039"]
[EventDate "2022.12.16"]

1. d3 d5 2. g3 Nf6 3. Bg2 c6 4. b3 Bf5 5. Bb2 e6 6. Nd2 h6 7. e4 dxe4 8. dxe4
Bg6 9. Nh3 Be7 10. O-O O-O 11. Nf4 Bh7 12. c4 Bb4 13. e5 Qxd2 14. Qxd2 Bxd2 15.
exf6 Bxf4 16. fxg7 Rd8 17. gxf4 Nd7 18. Rad1 Nc5 19. Bf6 Rd3 20. b4 Rxd1 21.
Rxd1 Nd3 22. Bf3 Nxf4 23. Rd7 Re8 24. Rxb7 e5 25. Bxc6 Rc8 26. Rxa7 Nh5 27. Bxe5
Nxg7 28. Ra8 Rxa8 29. Bxa8 Ne6 30. b5 Bd3 31. b6 Nc5 32. Bd4 Nd7 33. b7 Bxc4 34.
a4 f6 35. a5 Ba6 36. Ba7 1-0

[Event "European Blitz 2022"]
[Site "Katowice POL"]
[Date "2022.12.16"]
[Round "19.76"]
[White "Kacprzak, Kacper"]
[Black "Szczurek, Krzysztof"]
[Result "1-0"]
[BlackTitle "FM"]
[WhiteElo "2289"]
[BlackElo "2163"]
[WhiteFideId "21819319"]
[BlackFideId "1185489"]
[EventDate "2022.12.16"]

1. e4 c5 2. Nf3 d6 3. d4 cxd4 4. Nxd4 Nf6 5. Nc3 a6 6. Be3 e5 7. Nb3 Be7 8. h3
Be6 9. f4 exf4 10. Bxf4 Nc6 11. Qe2 Ne5 12. O-O-O Qc7 13. Kb1 O-O 14. g4 b5 15.
g5 Nfd7 16. Qg2 b4 17. Nd5 Bxd5 18. exd5 a5 19. Nd4 Rfc8 20. h4 a4 21. Rh3 a3
22. b3 Bf8 23. h5 Nc5 24. g6 fxg6 25. hxg6 Nxg6 26. Bc1 Re8 27. Ne6 Nxe6 28.
dxe6 Ne5 29. Bf4 Rad8 30. Bg5 Be7 31. Bb5 Rf8 32. Rg1 Bf6 33. Bd7 Nxd7 34. e7
Rde8 35. Bxf6 Rf7 36. Bxg7 Rfxe7 37. Bf6+ Kf7 38. Qg7+ Ke6 39. Bxe7 Rxe7 40.
Rh6+ Kd5 41. Rd1+ Kc6 42. Qxe7 1-0

[Event "European Blitz 2022"]
[Site "Katowice POL"]
[Date "2022.12.16"]
[Round "19.77"]
[White "Sidletskyi, Ivan"]
[Black "Kacprzak, Karol"]
[Result "0-1"]
[WhiteElo "2152"]
[BlackElo "2226"]
[WhiteFideId "14156024"]
[BlackFideId "21819327"]
[EventDate "2022.12.16"]

1. e4 c5 2. Nf3 d6 3. d4 cxd4 4. Nxd4 Nf6 5. Nc3 a6 6. Bg5 e6 7. f4 Be7 8. Qf3
Qc7 9. O-O-O Nbd7 10. g4 Rb8 11. Bxf6 Bxf6 12. g5 Bxd4 13. Rxd4 b5 14. Kb1 O-O
15. f5 b4 16. Nd1 exf5 17. exf5 Bb7 18. Qh5 Bxh1 19. Rh4 Rfe8 20. Qxh7+ Kf8 21.
Qh8+ Ke7 22. Qxg7 Qc5 23. Bd3 Qe5 24. f6+ Kd8 25. Kc1 Bf3 26. Rc4 Bxd1 27. Re4
Qd5 28. Rxe8+ Kxe8 29. Kxd1 Nf8 30. g6 Qh5+ 31. Kd2 Qg5+ 32. Kd1 Qh5+ 33. Kd2
Rb7 34. gxf7+ Rxf7 35. Qg2 Qh6+ 36. Kd1 Qxf6 37. Qa8+ Qd8 38. Qc6+ Qd7 39. Qxa6
Qg4+ 40. Ke1 Qg1+ 41. Kd2 Qf2+ 42. Be2 Qd4+ 43. Ke1 Ke7 44. Qb7+ Nd7 45. Qg2
Qxb2 46. Bd3 Qe5+ 47. Kd1 Qf4 48. Qb7 Qg4+ 49. Kd2 Qg5+ 50. Kd1 Qe5 51. h4 Rg7
52. Kd2 Qf4+ 53. Ke2 Qe5+ 54. Kd2 Qh2+ 55. Kc1 Rg1+ 56. Kb2 Qe5+ 57. Kb3 Qc3+
58. Ka4 Qc5 59. Qe4+ Qe5 60. Qb7 Rg7 61. Bc4 d5 62. Bxd5 Rg6 63. Bc6 Rd6 64. Bb5
Qc3 65. Qe4+ Qe5 66. Qb7 Qd5 67. Qa7 Qxa2+ 0-1

[Event "European Blitz 2022"]
[Site "Katowice POL"]
[Date "2022.12.16"]
[Round "19.78"]
[White "Gumula, Daniel"]
[Black "Molenda, Marcin"]
[Result "0-1"]
[WhiteTitle "FM"]
[BlackTitle "FM"]
[WhiteElo "2146"]
[BlackElo "2381"]
[WhiteFideId "1123122"]
[BlackFideId "1173065"]
[EventDate "2022.12.16"]

1. d4 Nf6 2. Nf3 g6 3. Bf4 Bg7 4. h3 O-O 5. e3 c5 6. c3 b6 7. Nbd2 Bb7 8. Be2 d6
9. O-O Nbd7 10. a4 a6 11. Ne1 Ra7 12. Bf3 Qa8 13. Bh2 Rc8 14. Bxb7 Qxb7 15. Qf3
Qxf3 16. Nexf3 Rb7 17. Rfd1 Nd5 18. Kf1 b5 19. axb5 axb5 20. Ne4 N5f6 21. Nxf6+
Bxf6 22. Ra2 c4 23. Rda1 Nb6 24. Ra6 Na4 25. Ra2 d5 26. Ne5 Kg7 27. Ke2 e6 28.
Nc6 Rb6 29. R2xa4 Rcxc6 30. Rxb6 Rxb6 31. Ra8 b4 32. cxb4 Rxb4 33. Rb8 Be7 34.
Rxb4 Bxb4 35. f3 Kf8 36. Kd1 Ke8 37. Kc2 Kd7 38. b3 Kc6 39. g4 Kb5 40. e4 Be1
41. Bd6 Bf2 42. exd5 exd5 43. Be5 Be1 44. Bd6 Kc6 45. Be5 Kb5 46. Bd6 f5 47. Be5
h5 48. gxf5 gxf5 49. Bd6 Ba5 50. Be5 Bd8 51. Kb2 Ba5 52. Kc2 Kc6 53. Bf4 Kd7 54.
Kb2 Ke6 55. Kc2 Kf7 56. Be5 Ke6 57. Bf4 Be1 58. Be5 h4 59. Bf4 Kd7 60. bxc4 dxc4
61. d5 Kc8 62. Bg5 Kc7 63. Be7 Kb6 64. Bd6 Kb5 65. Be7 0-1

[Event "European Blitz 2022"]
[Site "Katowice POL"]
[Date "2022.12.16"]
[Round "19.79"]
[White "Kulon, Klaudia"]
[Black "Pacuszka, Tomasz"]
[Result "1-0"]
[WhiteTitle "IM"]
[BlackTitle "FM"]
[WhiteElo "2274"]
[BlackElo "2186"]
[WhiteFideId "1131044"]
[BlackFideId "1119036"]
[EventDate "2022.12.16"]

1. c4 e5 2. g3 Nc6 3. Bg2 Bc5 4. Nc3 d6 5. e3 a5 6. Nge2 Nf6 7. h3 O-O 8. O-O
Bf5 9. d4 Ba7 10. d5 Ne7 11. e4 Bd7 12. Kh2 Ng6 13. Bd2 Re8 14. a3 Bd4 15. f3 c5
16. dxc6 bxc6 17. Nxd4 exd4 18. Ne2 c5 19. b3 Bc6 20. g4 Nd7 21. Ng3 a4 22. b4
Qc7 23. b5 Bb7 24. f4 Nb6 25. Rc1 f6 26. Bh1 Rad8 27. Re1 Qf7 28. Nf5 Nxc4 29.
Ng3 Nb6 30. Ba5 Qc7 31. Qxd4 Nxf4 32. Nf5 Ne6 33. Qd2 d5+ 34. e5 fxe5 35. Bxb6
Qxb6 36. Rxe5 Qc7 37. Re1 Nd4 38. Qf4 Rxe5 39. Rxe5 Ne6 40. Qg3 c4 41. Rxe6
Qxg3+ 42. Kxg3 c3 43. Re7 c2 44. Rc7 Rc8 45. Ne7+ Kf8 46. Nxc8 1-0

[Event "European Blitz 2022"]
[Site "Katowice POL"]
[Date "2022.12.16"]
[Round "19.80"]
[White "Kruckenhauser, Arthur"]
[Black "Ugorek, Kacper"]
[Result "1-0"]
[WhiteTitle "FM"]
[WhiteElo "2339"]
[BlackElo "1682"]
[WhiteFideId "1642812"]
[BlackFideId "21890676"]
[EventDate "2022.12.16"]

1. e4 c5 2. Nf3 d6 3. Nc3 Nf6 4. d4 cxd4 5. Qxd4 Nc6 6. Qd3 g6 7. Nd5 Bg7 8. c3
O-O 9. Bg5 Nd7 10. Be2 h6 11. Bh4 Nc5 12. Qc2 g5 13. Bg3 f5 14. exf5 Bxf5 15.
Qd1 Ne4 16. O-O Nxg3 17. hxg3 Qd7 18. Qd2 e6 19. Ne3 Bg6 20. c4 Rad8 21. Rad1
Qc7 22. b3 Qa5 23. Qxa5 Nxa5 24. Nd4 Bxd4 25. Rxd4 Nc6 26. Rd2 Rd7 27. Rfd1 Rfd8
28. f4 Kf7 29. Kf2 Ke7 30. Ng4 h5 31. Ne3 Rf8 32. f5 Bxf5 33. Kg1 Bg6 34. Re1
Ne5 35. Nd1 b6 36. Nf2 g4 37. Nd1 d5 38. Bf1 Rf5 39. Ne3 Rg5 40. cxd5 exd5 41.
Nxd5+ Kf7 42. Red1 Nc6 43. Nf4 Rxd2 44. Rxd2 Ne5 45. Kf2 Be4 46. Re2 Bc6 47. Rc2
Ke7 48. Be2 Kd6 49. Rd2+ Ke7 50. Rd4 Rf5 51. Ke3 Nd7 52. Bd3 Re5+ 53. Kd2 Nf6
54. Ng6+ Ke6 55. Nxe5 Kxe5 56. Rd8 Bxg2 57. Rh8 Be4 58. Ke3 Bd5 59. Be2 Be6 60.
Rb8 Nd5+ 61. Kf2 Nc3 62. Rb7 Nxa2 63. Rxa7 Bxb3 64. Rb7 Nc3 65. Rxb6 Bd5 66. Rh6
Ne4+ 67. Kg2 Nf6+ 68. Kh2 Kf5 69. Rh8 Bf7 70. Rb8 Kg5 71. Rb5+ Kh6 72. Bd3 Bg6
73. Be2 Bf7 74. Rb6 Kg5 75. Bd3 Bg6 76. Rb5+ Kh6 77. Bc4 Kg7 78. Rb7+ Kh6 79.
Rc7 Bf5 80. Ra7 Be4 81. Ra5 Kg6 82. Ba6 Bf5 83. Bb7 Be6 84. Kg2 Bf5 85. Kf2 Be4
86. Bc8 Bd3 87. Ke3 Bc2 88. Kf4 Bd3 89. Rg5+ Kf7 90. Bf5 Bc4 91. Bb1 Ke7 92.
Rg7+ Ke6 93. Bf5+ Kd6 94. Kg5 Nd5 95. Kxh5 Ne3 96. Bxg4 Bd3 97. Ra7 Ke5 98. Ra5+
Kf6 99. Bf3 Kg7 100. g4 Nc4 101. Ra7+ Kg8 102. Bd5+ Kf8 103. Bxc4 Bxc4 104. g5
Kg8 105. Kh6 Bd5 106. Rd7 Be6 107. Rd8+ Kf7 108. g6+ Ke7 109. Rd1 Kf8 110. Re1
Bc4 111. Kh7 Bd3 112. Re3 Bc2 113. Rf3+ Ke7 114. Kg7 Bb1 115. Re3+ Kd6 116. Kf6
Ba2 117. g7 Kd7 118. Ra3 Bg8 119. Ra8 1-0

[Event "European Blitz 2022"]
[Site "Katowice POL"]
[Date "2022.12.16"]
[Round "19.81"]
[White "Bazilius, Augustinas"]
[Black "Ternault, Mathieu"]
[Result "0-1"]
[BlackTitle "FM"]
[WhiteElo "2118"]
[BlackElo "2351"]
[WhiteFideId "12832251"]
[BlackFideId "20641532"]
[EventDate "2022.12.16"]

1. d4 Nc6 2. d5 Ne5 3. f4 Ng6 4. e4 e6 5. dxe6 fxe6 6. Nf3 Bb4+ 7. Nc3 Nf6 8.
Bd3 O-O 9. a3 Bxc3+ 10. bxc3 d6 11. O-O e5 12. Bc4+ Kh8 13. f5 Ne7 14. Ng5 Qe8
15. Qe2 h6 16. Ne6 Bxe6 17. Bxe6 Qc6 18. Re1 Qxc3 19. Bd2 Qd4+ 20. Kh1 Nc6 21.
c3 Qa4 22. g4 Nd8 23. Ba2 d5 24. exd5 Qxg4 25. Qxg4 Nxg4 26. h3 Nf2+ 27. Kg2 Nd3
28. Re3 Nf4+ 29. Kh2 Rxf5 30. Rae1 Nf7 31. Bb1 Rh5 32. Bc2 Rd8 33. Bd1 Rf5 34.
c4 c6 35. Bg4 Rf6 36. Bc3 cxd5 37. Bxe5 Nxe5 38. Rxe5 dxc4 39. Rc5 Nd3 40. Rd5
Rxd5 41. Re8+ Kh7 42. Bf3 Rxf3 0-1

[Event "European Blitz 2022"]
[Site "Katowice POL"]
[Date "2022.12.16"]
[Round "19.82"]
[White "Delgerdalai, Bayarjavkhlan"]
[Black "Gvetadze, Sofio"]
[Result "1-0"]
[BlackTitle "IM"]
[WhiteElo "2100"]
[BlackElo "2298"]
[WhiteFideId "23727276"]
[BlackFideId "13601440"]
[EventDate "2022.12.16"]

1. e4 c5 2. Nf3 g6 3. d4 cxd4 4. Nxd4 Bg7 5. Be3 Nc6 6. Nc3 Nf6 7. Bc4 Na5 8.
Be2 d6 9. Qd2 Bd7 10. h4 h5 11. O-O-O Rc8 12. f3 Nc4 13. Bxc4 Rxc4 14. Qd3 Rc8
15. Kb1 a6 16. Rhe1 b5 17. Bg5 Rc4 18. Nb3 O-O 19. e5 Bf5 20. Qe2 Qc8 21. exf6
exf6 22. Bc1 b4 23. Ne4 Qc7 24. Bf4 Rc8 25. Rd2 a5 26. Bxd6 Qb6 27. Bc5 Qb5 28.
Nd6 Qa6 29. Qxc4 Qa8 30. Nxc8 Qxc8 31. Nxa5 Be6 32. Rxe6 fxe6 33. Bf2 Qa8 34.
Qxb4 f5 35. Nb3 Kh7 36. Bd4 Bh6 37. Rd1 Qd5 38. Qe7+ Kg8 39. Re1 Qc4 40. Qxe6+ 1-0